| 000 | 00345nam a22001217a 4500 | ||
|---|---|---|---|
| 008 | 150410b xxu||||| |||| 00| 0 eng d | ||
| 020 | _a9780072263503 (alk. paper) | ||
| 020 | _a0072263504 (alk. paper) | ||
| 041 | 0 | _aeng | |
| 080 | _a004 | ||
| 245 | 1 | 0 |
_aMicrosoft Office Access 2007 : _cVirginia Andersen. |
| 942 |
_2udc _cBK |
||
| 999 |
_c673 _d673 |
||